000 00556nam a2200241Ia 4500
003 0100
008 130227s9999 xx 000 0 und d
020 _a9781844651894
040 _cARRUPELIB
050 _aB3376.W563W831 2010
245 _aWittgenstein
260 _aDurham
260 _bAcumen
260 _C2010
300 _aix
300 _b 214p 21cm
440 _aKen concepts
650 _bPolitical ethics
650 _cChristianity and politics
650 _dSocial values
700 _aJolley, Kelly Dean (ed)
942 _2lcc
_02
999 _c5771
_d5771